000 00601ntaaa2200217 4500
003 01
005 20251027202011.0
008 0714s1973 ag 01
040 _aAR-BaBN
_bspa
_cAR-BaBN
_eaacr
_dRIC
082 _a261.1000 C87l
100 _aCroatto, Severino
245 _aLiberación y libertad: pautas hermenéuticas.
250 _a1 ed.
260 _aBuenos Aires :
_bEd. Mundo Nuevo,
_c1973
300 _a150 p. ;
_c18,5 cm.
500 _abiblioteca posee otra edición del CEP
650 _aTeología Social
_92067
650 _aLibertad
_94526
650 _aLiberación
_9593
942 _cBK
999 _c14745
_d14745